000 02109nam0a2200361 4500
001 RU\NLR\bibl\1031431
005 20260407142235.0
010 _a5-9532-0313-6
_92000
021 _aRU
_b2006-76300
_93861
035 _a(NLR Aleph) 001018891
090 _a685719
_c685719
100 _a20070117d2006 |||y0rusy50 ca
101 0 _arus
102 _aRU
105 _aa |||||||||
200 1 _aПрактикум по зоогигиене с основами проектирования животноводческих объектов
_eучебное пособие для студентов высших учебных заведений, обучающихся по специальности 110401 "Зоотехния" и 111201 "Ветеринария"
_fМеждунар. ассоц. "Агрообразование"
_g[А.Ф. Кузнецов и др.
_gред.: Е.В. Мухторина]
210 _aМосква
_cКолосС
_d2006
215 _a342, [1] с., [4] л. цв. ил.
_cил.
_d22
225 1 _aУчебники и учебные пособия для студентов высших учебных заведений
225 1 _aУчебник
320 _aБиблиогр.: с. 340 (23 назв.)
606 1 _aЖивотноводческие постройки
_jУчебные издания для высших учебных заведений
_xПроектирование
_xЗоогигиенические требования
_92451011
_3RU\NLR\auth\661457284
686 _aП811.5я73
702 1 _4340
_8rus
_7ca
_aМухортова
_bЕ. В.
_cживотновод
_3RU\NLR\AUTH\7751877
_934810
702 1 _4220
_8rus
_7ca
_aКузнецов
_bА. Ф.
_f1938-
_cд-р вет. наук
_gАнатолий Федорович
_3RU\NLR\auth\7729589
_912618
712 0 2 _4570
_a"Агрообразование", международная ассоциация
_3RU\NLR\AUTH\8810085366
_9672718
801 0 _aRU
_bNLR
_c20070117
_gRCR
801 1 _aRU
_bNLR
_c20070117
830 _aсост. по ЭК
852 _aNLR
_jФГО
942 _cBOOK
980 _aNB